000 00399nam a2200133Ia 4500
008 220217s9999||||xx |||||||||||||| ||und||
020 _a97800705322922
082 _a004.6 SPA
100 _aSpalding, Robert
_96609
245 0 _aStorage networks: the complete reference
260 _aTata mcgraw hill company Ltd
_bNew Delhi
_c2003
300 _aXXXII, 526p.
_b625
650 _aCOMPUTER NETWORK
999 _c183802
_d183802